|
|
|
|
| LEADER |
00659cas#a2200241#a#4500 |
| 001 |
016759 |
| 005 |
20160923115324.0 |
| 008 |
031218c2002####sp####p#############spa#d |
| 022 |
|
|
|a 1135-6308
|
| 040 |
|
|
|a AR-beUNQ
|
| 099 |
|
|
|a P-ES-EUF1 [En Depósito C113]
|
| 245 |
0 |
0 |
|a Eufonía (Barcelona)
|
| 260 |
|
|
|a Barcelona :
|b Graó,
|
| 300 |
|
|
|a v.
|
| 310 |
|
|
|a trimestral
|
| 500 |
|
|
|a Cada volumen tiene un título distintivo: 2002, La música de 0 a 3 años
|
| 650 |
|
7 |
|a MUSICA
|2 Spines
|
| 650 |
|
7 |
|a Enseñanza
|2 Spines
|
| 650 |
|
7 |
|a Métodos pedagógicos
|2 Spines
|
| 650 |
|
7 |
|a Educación
|2 Spines
|
| 866 |
0 |
|
|a 2002 7(24)
|
| 929 |
|
|
|j 35452
|
| 999 |
|
|
|c 27409
|d 110215
|